000 01255nam a2200289 4500
001 0000018045
003 CO-CtgCURN
005 20250331185256.0
007 ta
008 160627s2008 000 0 eng d
020 _a9789583032356
040 _aCO-CtgCURN
_bspa
_ccoctgcurn
082 0 _a658.409
_bSe111
245 0 0 _aSea su propio jefe :
_btenga exito trabajando independientemente /
_cConrado Zuluaga, Ed.
260 _aBogotá :
_bPanamericana Editorial,
_c2008.
300 _a95 p.
336 _2rdacontent
337 _2rdamedia
_asin mediacion
_bn
338 _2rdacarrier
_avolumen
_bnc
490 1 _aCol. Desafios El Espectador
505 8 _a·Esta hecho para Ser free lance?.--·Quiere ser su propio jefe?.--Reinventese a si mismo.--·Tiene las habilidades adecuadas para ser su propio jefe?.--Maneje el tiempo de manera efectiva.--Encarguese de la contabilidad.--Busque trabajo como free lance.--Aproveche las redes sociales de la mejor manera.--Asegurese de que le paguen a tiempo.--Donde hallar mas ayuda
650 1 4 _aÉxito en los negocios.
700 1 _aZuluaga, Conrado,
_eEditor.
908 _a160627
942 _cBK
_h658.409
_iSe111
_2ddc
999 _c25010
_d25010